Nba Starting Five by last name all time - Statistics

General Stats
  • This quiz has been taken 71 times
  • The average score is 24 of 50
Answer Stats
Hint Answer % Correct
SF Lebron James
89%
SG Michael Jordan
89%
PG Magic Johnson
84%
PF Marques Johnson
80%
SG Stephen Curry
77%
C Kareem Abdul-Jabbar
72%
PF Larrry Bird
72%
SG Kobe Bryant
70%
SF Kevin Durant
67%
PG Jerry West
66%
PF Tim Duncan
66%
PG Isiah Thomas
64%
PG John Stockton
62%
C Wilt Chamberlain
62%
PF Karl Malone
57%
C Moses Malone
57%
SG Ray Allen
57%
C Charles Barkley
54%
SG Dwyane Wade
54%
SF Carmelo Anthony
52%
SG David Thompson
52%
SF Vince Carter
52%
C Anthony Davis
51%
PF Giannis Antetokounmpo
51%
PF Kevin Garnett
49%
PG Bob Cousy
48%
C Ben Wallace
46%
SG Clyde Drexler
43%
SG George Gervin
43%
SF Dominique Wilkins
41%
PF James Worthy
41%
SF Paul George
41%
SF Elgin Baylor
39%
C Marc/Pau Gasol
39%
C Nikola Jokic
39%
PG Chauncey Billups
36%
PF Amar'e Stoudemire
34%
PG Luka Doncic
34%
SG Pete Maravich
33%
PG Gilbert Arenas
30%
SF Chris Mullin
26%
PF Billy Cunningham
23%
SF Jayson Tatum
21%
C Nate Thurmond
21%
PF Karl-Anthony Towns
20%
PG Sidney Moncrief
18%
PG Hal Greer
16%
C Arvydas Sabonis
10%
SG Latrell Sprewell
8%
SF Jerry Stackhouse
2%
No matching quizzes found
Score Distribution
Percent of People with Each Score
Percentile by Number Answered
Your Score History
You have not taken this quiz